000 00307nam a2200121Ia 4500
005 20260326235439.0
008 260326s9999||||xx |||||||||||||| ||und||
100 _aBrödner, Erika
245 0 _aModernes Wohnen /
_cErika Brödner
260 _bHermann Rinn
650 _aARQUITECTURA RESIDENCIAL
942 _cBK
999 _c7353
_d7353